| 000 | 01032cam a2200289 4500 | ||
|---|---|---|---|
| 001 | L137261 | ||
| 008 | 070327e2007 xxko f 000 0 eng d | ||
| 020 | _a9781860819612 | ||
| 035 | _a(Sirsi) u137261 | ||
| 041 | 0 | _aeng | |
| 050 | 0 | 4 | _a693.97 $2 18 |
| 100 | 1 | _aGaze, Christopher | |
| 245 | 0 | 0 |
_aModern methods of construction (MMC) in housing _bdrivers and barriers to their use |
| 260 |
_aWatford _bBRE _c2007 |
||
| 300 |
_a6p. _bill. _c30cm. |
||
| 490 | 0 |
_aBRE Information Paper _v3/07 Part 1 |
|
| 490 | 0 |
_aModern methods of construction (MMC) in housing _vPart 1 |
|
| 520 | _aFocuses on the drivers and barriers to the use of modern construction methods in housing. Discusses householders' experience, the importance of land to housebuilders, capacity constraints, and planning. | ||
| 590 | _aKA | ||
| 651 | 4 |
_aUnited Kingdom _y |
|
| 690 | _aBUILT ENVIRONMENT-CONSTRUCTION DESIGN | ||
| 700 | 1 | _aRoss, Keith | |
| 700 | 1 | _aNolan, Eanna | |
| 700 | 1 | _aNovakovic, Oliver | |
| 700 | 1 | _aCartwright, Paul | |
| 942 | _n0 | ||
| 999 |
_c106707 _d106707 |
||